Je načase vytvoriť legislatívne podmienky na ozdravenie úverových portfolií bánk, upozorňujú predstavitelia bankového dohľadu NBS

Potreba riešenia problému zlých úverov slovenských bánk. Reštrukturalizácia bánk - spôsoby reštrukturalizácie (decentralizovaný, centralizovaný). Bankový dohľad NBS a jeho úloha v procese reštrukturalizácie. Nedostatočná legislatíva. Návrh riešenia problému - zriadenie inštitútu mimosúdneho vyrovnan...

ver descrição completa

Na minha lista:
Detalhes bibliográficos
Autor principal: Kovalčík, J.
Formato: Capítulo de Livro
Idioma:eslovaco
Assuntos:
Tags: Adicionar Tag
Sem tags, seja o primeiro a adicionar uma tag!

MARC

LEADER 00000naa a2200000 4500
001 r019015
005 20221213100849.3
041 0 |a slo 
044 |a SK 
245 1 0 |a Je načase vytvoriť legislatívne podmienky na ozdravenie úverových portfolií bánk, upozorňujú predstavitelia bankového dohľadu NBS  |c J. Kovalčík 
520 |a Potreba riešenia problému zlých úverov slovenských bánk. Reštrukturalizácia bánk - spôsoby reštrukturalizácie (decentralizovaný, centralizovaný). Bankový dohľad NBS a jeho úloha v procese reštrukturalizácie. Nedostatočná legislatíva. Návrh riešenia problému - zriadenie inštitútu mimosúdneho vyrovnania, daňová problematika, časovo ohraničená pomoc štátu bankám formou podriadeného dlhu, nevyplácanie dividend akcionárom na určitý čas. 
610 2 0 |a banky 
610 2 0 |a úver bankový 
610 2 0 |a riziko 
610 2 0 |a reštrukturalizácia 
610 2 0 |a dohľad bankový 
610 2 0 |a legislatíva 
610 2 0 |a NBS Bratislava 
610 2 0 |a Slovensko 
610 2 0 |a dane 
610 2 0 |a dividendy 
610 2 0 |a dlhy 
100 1 |a Kovalčík, J.